Word Ladder: X-Men Actress Quiz Stats

Quiz Updated Oct 21, 2015

Also try: Word Ladder: X-Men
Challenge
Share
Tweet
Embed
Score 0/20 Timer 03:00
0 Plays Today
Clue 5-Letter Word % Correct
● Bout of violent weather ●●STORM●
98.5%
A place to buy goodsSTORE
98.2%
Luminous orbs in the night skySTARS
97.4%
Show starring Gordon Ramsay: _____ KitchenHELL'S
97.3%
The sides of a room that aren't the ceiling or floorWALLS
96.9%
To ogle or gawkSTARE
96.9%
Presumably, what time does to all woundsHEALS
96.6%
Passageways between rooms in a buildingHALLS
96.4%
You can run with them in Pamplona, SpainBULLS
93.5%
1979 or 2006 film: When a Stranger _____CALLS
93.4%
Clue 5-Letter Word % Correct
Horton the elephant does thisHEARS
93%
A Pixar movie about robotsWALL-E
92.9%
The former name of the Willis Tower in ChicagoSEARS
92%
An old alarm clock might have theseBELLS
91.3%
The building blocks of lifeCELLS
90.1%
To use strength to harm or frighten someoneBULLY
86.5%
● With [Last Rung], X-Men actress playing [First Rung] ●●HALLE●
86.1%
● A small, juicy, fruit ●●BERRY●
72.6%
Large and strong, like most bodybuildersBURLY
59.8%
Covered in prickly seed casesBURRY
57.2%

Today's Daily Dose

Missing Word
NPR Programs

Quick Pick
1991 Events

On This Day
June 18th II

You're not logged in!

Compare scores with friends on all Sporcle quizzes.
Join for Free
OR
Log In

You Might Also Like...

Show Comments

Extras

Top Quizzes Today


Score Distribution

Your Account Isn't Verified!

In order to create a playlist on Sporcle, you need to verify the email address you used during registration. Go to your Sporcle Settings to finish the process.

Report this User

Report this user for behavior that violates our Community Guidelines.

Details: